000 00839cam a2200133 4500500
005 20260405024744.0
041 _afre
042 _adc
100 1 0 _aWillard, Claude
_eauthor
245 0 0 _aSocialisme et communisme français
260 _bArmand Colin,
_c2015.
520 _aOrganisée autour d’une structure ternaire ~ le socialisme prémarxiste, l’itinéraire qui conduit des sectes rivales à un parti unifié, la vieille et la nouvelle maison, cette édition tient compte des nouvelles lectures de Fourier et introduit des modifications sensibles dans les pages qui traitent de la juxtaposition du socialisme et du communisme jusqu’à l’échec électoral de mars 1978. Un livre de référence
856 4 1 _uhttps://shs.cairn.info/socialisme-et-communisme-francais--9782200321710?lang=fr&redirect-ssocas=7080
999 _c2141051
_d2141051